| 000 | 00991nas a2200277 4500 | ||
|---|---|---|---|
| 001 | BR8003160 | ||
| 003 | BR-BrBNA | ||
| 005 | 20231205084324.0 | ||
| 007 | ta | ||
| 008 | 230509b bl.|||p| |||| 00| 00por d | ||
| 040 |
_aBR-BrBNA _bpor _cBiblioteca Nacional de Agricultura |
||
| 041 | _a(Pt) | ||
| 072 | _aC00 | ||
| 100 | 1 | _aConill, A.F. | |
| 100 | 1 | _aTronchoni, J.G. (Instituto Rio Grandense do Arroz, Cachoeirinha (Brazil). Centro de Treinamento de Mao-de-obra Rural) | |
| 111 | 1 |
_a4. Congresso Nacional sobre Economia Orizicola _cSao Luis, MA (Brazil) _d26 Feb 1980 |
|
| 245 | 1 | _aInstrutores e unidades moveis na interiorizacao do ensino rural [Rio Grande do Sul; Brasil] | |
| 650 | _aEducacao | ||
| 650 | _aExtensao rural | ||
| 650 | _aEnsino | ||
| 650 | _aMao-de-obra | ||
| 650 | _aRio Grande do Sul | ||
| 773 | 0 |
_tLavoura Arrozeira (Brazil) _xISSN 0023-9143 _g(Apr 1980), v. 33(319) p. 26-27 _wBR8003160 |
|
| 909 |
_a202311 _bLúcia _c55 _dLúcia Elande |
||
| 942 |
_2AGRIS _n0 _cANA |
||
| 999 |
_c104484 _d104484 |
||